000
00341nam a2200157Ia 4500
003
OSt
005
20240409095257.0
008
170524s9999 xx 000 0 und d
020
_a
NIL
022
_2
NIL
040
_c
IIMT UNIVERSITY
100
_a
SHARMA
245
0
_a
BUSINESS CORPORATION
260
_a
TATA MC GRAW HILL
942
_2
ddc
_c
02
999
_c
2033
_d
2033